00404 a2200145 4500003000400000005001700004008004100021020001800062040000900080082001700089100001800106245007700124260004300201300001400244OSt20250610094245.0250530b |||||||| |||| 00| 0 eng d a9789355323675 coclc a658.3bASW/H aAswathappa, K aHuman Resource Management :bText and cases /cK Aswathappa, Sadhna Dash bMc Graw Hill Education,aIndia:c2023. a764 pages